000 00337nam a2200145Ia 4500
100 _aMurphy James/ed
942 _cBK
654 _ametals
245 _aSurface preparation and finishes for Metals
260 _bSociety of Manufacturing Engineers
_c1971
082 _a671.7
_bMUR
300 _a493
546 _aENGLISH
999 _c32856
_d32856